000 00621nam a22001697a 4500
005 20260414114722.0
008 260414b |||||||| |||| 00| 0 eng d
040 _aLC
_cUNZA
_dUNZA
_eRDA
050 _aZAMB BV 3505
_bKIL 1937
100 _aKilekwa, Petro
245 _aSlave boy to priest :
_bthe autobiography of Padre Petro Kilekwa /
_ctranslated from Chinyanja by K. H. Nixon Smith
260 _a[London] :
_bUniversities' Mission to Central Africa,
_c 1937.
300 _a63 pages :
_billustrations.
650 _aPadre Petro Kilekwa
_xAutobiography
700 _aSmith, K. H. Nixon
_etranslator
942 _cZAMBIANA
999 _c216597
_d216597